| 000 | 01000nam a22002177a 4500 | ||
|---|---|---|---|
| 003 | OSt | ||
| 005 | 20260216015305.0 | ||
| 008 | 260216b |||||||| |||| 00| 0 eng d | ||
| 020 | _a9780316113663 | ||
| 040 |
_aDWCL GS library _cOC |
||
| 082 | _aFic.B472n 2007 | ||
| 100 | _aBosch, Pseudonymous | ||
| 245 |
_athe name of this book is secret _b: read this book if you dare! _cBosch, Pseudonymous |
||
| 260 |
_aNew York _bHachette book group _cc2007 |
||
| 300 |
_a360 _billustrations _c20cm |
||
| 504 | _aincludes bibliographical notes | ||
| 520 | _aThe Name of This Book Is Secret (2007) by Pseudonymous Bosch is a middle-grade mystery/fantasy following 11-year-olds Cass and Max-Ernest. They investigate the suspicious death of a magician, discovering a mysterious box of vials and a sinister plot for immortality involving a cult, the Midnight Sun. | ||
| 546 | _aEnglish | ||
| 700 | _aPseudonymous, Bosch | ||
| 942 |
_2ddc _cFIC. _hFic. B472n 2007 _n0 |
||
| 999 |
_c8411 _d8411 |
||